Länder mit dem größten BIP als Anteil vom Kontinent - Statistiken

Allgemein
  • Dieses Quiz wurde 9.980 mal gespielt
  • Das Durchschnittsergebnis liegt bei 17 aus 21
Antwortstatistiken
% des BIP Land % Korrekt
39,2% China
99%
15,4% Deutschland
99%
80,0% Vereinigte Staaten
99%
10,8% Frankreich
95%
48,1% Brasilien
92%
83,5% Australien
91%
9,8% Russland (Europäischer Teil)
91%
7,1% Kanada
90%
15,3% Indien
89%
7,9% Japan
89%
8,7% Italien
85%
11,0% Vereinigtes Königreich
85%
15,6% Argentinien
84%
9,1% Mexiko
84%
11,6% Südafrika
82%
19,4% Ägypten
78%
13,5% Neuseeland
73%
7,4% Chile
64%
12,3% Kolumbien
61%
15,7% Nigeria
57%
7,3% Algerien
49%
Keine übereinstimmenden Quizze gefunden
Verteilung der Resultate
Anzahl Personen mit jedem Resultat
Perzentil nach korrekt beantworteten Fragen
Ihre Resultats-Entwicklung
Sie haben dieses Quiz noch nicht gespielt